| 000 | 01049nmm a2200349 a 4500 | ||
|---|---|---|---|
| 003 | AR-BaBNM | ||
| 005 | 20251128204708.0 | ||
| 008 | 301020s1993 ||||||||||||||000 | spa|| | ||
| 020 | _a956-13-0871-0 | ||
| 040 | _cAR-BaBNM | ||
| 100 | 1 | _aAlliende, Felipe G. | |
| 245 | 1 | 0 |
_aLa lectura _bteoría, evaluación y desarrollo |
| 250 | _a4ª ed. | ||
| 260 |
_aSantiago de Chile _bEditorial Andrés Bello _c1993 |
||
| 300 | 1 |
_axiv, 315 p. _btablas |
|
| 500 | 0 | _aContiene en apéndice: Listado de test de lectura | |
| 500 | 0 | _aContiene índice de autores e índice de conceptos | |
| 504 | _aBibliografía: p. 279-283 | ||
| 650 | 4 | _aINICIACION EN LA LECTURA | |
| 650 | 4 | _aENSENANZA DE LA LECTURA | |
| 650 | 4 | _aMEJORA DE LA LECTURA | |
| 650 | 4 | _aPRUEBAS DE LECTURA | |
| 650 | 4 | _aDESARROLLO DEL LENGUAJE | |
| 653 | _aENSENANZA DE LA LENGUA | ||
| 653 | _aEDUCACION PRIMARIA | ||
| 653 | _aAPRESTAMIENTO | ||
| 653 | _aLECTOESCRITURA | ||
| 653 | _aCOMPRENSION LECTORA | ||
| 700 | 1 | _aCondemarín, Mabel | |
| 942 | _cBK | ||
| 998 | _csilvi | ||
| 999 |
_c8459 _d8459 |
||